00613 2200229 4500001002100000005001500021035002000036090001600056245005000072260003900122300003700161008004100198082001200239084001400251650001300265500003000278040001700308850001200325041000800337100002000345990001800365INLIS00000000084368120190104121057 a0010-0119000048 aL 371 PAN m10aMethodische instructie /cdoor M.A. Panhuyzen2 aHaarlem :bde Erven F. Bohn,c1953 a36 halaman :bilustrasi ;c30 cm190104 f 0 dut 04223a371 a371 PAN m 4aMengajar aTeks dalam bahasa Belanda aYOPDYOGbind aYOPDYOG0 adut1 aPanhuyzen, M.A. a61710-PD/A.18